000 00737nam a2200241Ia 4500
008 160319s9999 xx 000 0 und d
020 _a971-23-4030-9
050 _aFIL LB 3051
050 _b.A83 2004
100 _aAsaad, Abubakar S.
245 _aMeasurement and evaluation :
245 _bconcepts and principles /
245 _cAbubakar S. Asaad.
260 _aManila :
260 _bRex Book Store, Inc.,
260 _c2004
300 _a206 pages :
300 _billustrations ;
300 _c22 cm.
500 _aIncludes bibliographical references and index.
650 _aEducational tests and measurements -- Study and teaching.
650 _xEducational tests and measurements -- Problems, exercises, etc.
999 _c291634
_d291634